000 00269nam a2200109Ia 4500
008 200302s9999 xx 000 0 und d
100 _aNevin Cohen and Other
245 _aGreen cities an A-to-Z Guide
260 _bSage Publications Inc.
260 _c2011
300 _a547
999 _c7434
_d7434